El seminario de Jacques Lacan : las formaciones del inconsciente : 1957-1958 /

Αποθηκεύτηκε σε:
Λεπτομέρειες βιβλιογραφικής εγγραφής
Κύριος συγγραφέας: Lacan, Jacques (autor)
Άλλοι συγγραφείς: Miller, Jacques-Alain (versión) (versión)
Μορφή: Βιβλίο
Γλώσσα:Ισπανικά
Έκδοση: Buenos Aires, Argentina : Paidós, 1999, c1999
Σειρά:(El Seminario de Jacques Lacan ; 5)
Θέματα:
Ετικέτες: Προσθήκη ετικέτας
Δεν υπάρχουν, Καταχωρήστε ετικέτα πρώτοι!

MARC

LEADER 00000nam^a2200000^a^4500
001 000134250
005 20250521000000.0
009 20260310095201.017
020 |a 950-12-3975-6 
037 |a Acervo ITESO - Biblioteca 
041 |a ESP 
082 |a 150. 1957  |b LAC SEM PAI V. 5 
100 |a Lacan, Jacques  |e (autor) 
240 1 4 |a [El seminario de Jacques Lacan] 
245 1 3 |a El seminario de Jacques Lacan :  |b las formaciones del inconsciente : 1957-1958 /  |c J. Lacan ; versión de J.A. Miller ; tr. por Enric Berenguer. 
264 4 |a Buenos Aires, Argentina :  |b Paidós,  |c 1999, c1999 
300 |a 527 p. 
336 |a texto  |b txt  |2 rdacontenido 
337 |a sin mediación  |b n  |2 rdamedio 
338 |a volumen  |b nc  |2 rdasoporte 
440 4 |a (El Seminario de Jacques Lacan ;  |v 5) 
500 |a Traducción de: Le Séminaire de Jacques Lacan. Livre V: Les formations de l'inconsciet, 1957-1958 
649 |a XX 
650 |a Inconsciente 
650 |a Complejo de Edipo 
650 |a El Nombre del Padre 
650 |a Principio de Placer 
650 |a Neurosis 
650 |a Sexualidad 
650 |a Psicoanálisis -  |x Teoría 
650 |a Psicoanálisis Lacaniano 
650 |a Escuela Francesa de Psicoanálisis 
650 |a Psicoanálisis Freudiano 
650 |a Psicología 
700 |a Miller, Jacques-Alain  |e (versión) 
910 |a Fondo General 
920 |a Impresos - Libros 
930 |a Colección General 
905 |a 101 
901 |a 0500063563  |b IT1  |c ACC  |u 20250521 
902 |a https://opac.biblio.iteso.mx/vufind/Record/000134250